| 000 | 01227nam a22001817a 4500 | ||
|---|---|---|---|
| 003 | NUST | ||
| 005 | 20240920143834.0 | ||
| 082 | _a005.1,REH | ||
| 100 |
_aur Rehman, Muhammad Razi _9125935 |
||
| 245 |
_aAI Gallery Genie where Images Meet Intelligence / _cMuhammad Razi ur Rehman, Ahmed Mujtaba Butt, Muhammad Jawad Liaqat. |
||
| 260 |
_aMCS, NUST _bRawalpindi _c2024 |
||
| 300 | _a161 p | ||
| 505 | _aThis project has been designed to address the challenges users face in managing and enhancing digital image collections. The AI Gallery Genie aims to offer a range of functionalities that includes Emotion Detection, Tag Generation, Image Categorization, AI Chatbot, Semantic Search, Caption Generation, Artistic Style Transformation, Text Recognition, Imagine, Reimagine and Generative Fill. The software is designed to simplify image management and enhance user experience by providing tools to organize and search images in one integrated platform. This project encompasses the development of a mobile application with diverse features that involve integrating machine learning models. | ||
| 650 |
_aUG BESE _9114271 |
||
| 651 |
_aBESE-26 _9125902 |
||
| 700 |
_aSupervisor Dr. Hammad Afzal _9114319 |
||
| 942 |
_2ddc _cPR |
||
| 999 |
_c611603 _d611603 |
||